=LDR 00000nam 2200000 4500 =001 INLIS000000000056783 =005 20201012074008 =035 ##$$a 0010-0920000414 =007 ta =008 201012################g##########0#ind## =082 ##$$a 306.059 8 =084 ##$$a 306.059 8 MUN s =100 #$$a Munawar, Tuti =245 1#$$a Serat dewi maleka /$c Dra. Tuti Munawar =260 ##$$a Jakarta :$b Dirjen Kebudayaan,$c 1993 =300 ##$$a vii, 131 hlm. ; $c 15x21 cm. =504 ##$$a Bibliografi : hlm. 129 - 131 =600 #4$$a Kebudayaan Indonesia =990 ##$$a 125.537 hd.98